000 00560nam a2200205 i 4500
001 bg
100 1 _aSobczak, Jacek
_d(1946- ).
245 1 0 _aUstawa prawo prasowe :
_bkomentarz /
_cJacek Sobczak.
260 _aWarszawa :
_b"Muza",
_c1999.
300 _a410, [6] s. ;
_c21 cm.
504 _aBibliogr. s. 401-411.
650 9 _aPrawo prasowe
_zPolska
_ystan na 1999 r.
020 _a8372005028
040 _cBPK
041 0 _apl
080 _a351.751:050+070](438)
920 _a83-7200-502-8
942 _cKS
008 s pl f |000 0 pol
999 _c37650
_d37650
856 _uhttp://koha.tu.koszalin.pl/cgi-bin/koha/opac-detail.pl?biblionumber=37650
_yKatalog online BPK